Southville International School and Colleges
Your cart is empty.
  • Cart
  • Lists
    Public lists Eva Luna New books Lux_list list_1
    Your lists Log in to create your own lists
  • Log in to your account
  • Your cookies
  • Search history
Southville International School and Colleges
  • Advanced search
  • Recent comments
  • Most popular
  • Libraries

Log in to your account

Log in with GOOGLE


If you do not have an external account, but do have a local account, you can still log in:

  1. Home
  2. MARC view: The Ultimate study skills handbook.
Normal view MARC view ISBD view

The Ultimate study skills handbook. (Record no. 24200)

[ view plain ]
MARC details
000 -LEADER
fixed length control field 00611nam a2200229 a 4500
005 - DATE AND TIME OF LATEST TRANSACTION
control field 20140310183512.0
008 - FIXED-LENGTH DATA ELEMENTS--GENERAL INFORMATION
fixed length control field 101014s19uu xx 00 eng d
020 ## - INTERNATIONAL STANDARD BOOK NUMBER
International Standard Book Number 9780335234424
050 ## - LIBRARY OF CONGRESS CALL NUMBER
Classification number LB 1049
Item number .Ul8 2010
245 ## - TITLE STATEMENT
Title The Ultimate study skills handbook.
260 ## - PUBLICATION, DISTRIBUTION, ETC. (IMPRINT)
Place of publication, distribution, etc New York :
Name of publisher, distributor, etc McGraw Hill Education,
Date of publication, distribution, etc 2010.
300 ## - PHYSICAL DESCRIPTION
Extent 224 p.:
Other physical details ill. ;
Dimensions 27 cm.
521 ## - TARGET AUDIENCE NOTE
Target audience note
650 ## - SUBJECT ADDED ENTRY--TOPICAL TERM
Topical term or geographic name as entry element Study skills-handbook.
700 ## - ADDED ENTRY--PERSONAL NAME
Personal name Moore, Sarah
700 ## - ADDED ENTRY--PERSONAL NAME
Personal name Neville, Colin
700 ## - ADDED ENTRY--PERSONAL NAME
Personal name Murphy, Maura
700 ## - ADDED ENTRY--PERSONAL NAME
Personal name Connoly, Cornelia
942 ## - ADDED ENTRY ELEMENTS (KOHA)
Koha item type Books
Source of classification or shelving scheme Library of Congress Classification
Call number prefix Foreign
Holdings
Withdrawn status Lost status Source of classification or shelving scheme Damaged status Home library Current library Shelving location Date acquired Source of acquisition Total Checkouts Full call number Barcode Date last seen Copy number Price effective from Koha item type
    Library of Congress Classification   College Library College Library General Circulation Section 01/14/2014 Donation   LB 1049 .Ul8 2010 C15761 05/15/2018 1 01/14/2014 Books
    Library of Congress Classification   College Library College Library General Circulation Section 01/14/2014 Donation   LB 1049 .Ul8 2010 C11590 05/15/2018 2 01/14/2014 Books

The Ultimate study skills handbook.

APA

Moore S., Neville C., Murphy M. & Connoly C. (2010). The Ultimate study skills handbook. New York: McGraw Hill Education.

Chicago

Moore Sarah, Neville Colin, Murphy Maura and Connoly Cornelia. 2010. The Ultimate study skills handbook. New York: McGraw Hill Education.

Harvard

Moore S., Neville C., Murphy M. and Connoly C. (2010). The Ultimate study skills handbook. New York: McGraw Hill Education.

MLA

Moore Sarah, Neville Colin, Murphy Maura and Connoly Cornelia. The Ultimate study skills handbook. New York: McGraw Hill Education. 2010.

  • Place hold
  • Print
  • Cite
  • Add to your cart (remove)
  • Save record
    BIBTEX Dublin Core MARCXML MARC (non-Unicode/MARC-8) MARC (Unicode/UTF-8) MARC (Unicode/UTF-8, Standard) MODS (XML) RIS
  • More searches
    Search for this title in:
    Other Libraries (WorldCat) Other Databases (Google Scholar) Online Stores (Bookfinder.com) Open Library (openlibrary.org)

Exporting to Dublin Core...

SOUTHVILLE LIBRARY

Southville International School and Colleges Library

1281 Tropical Ave. Cor. Luxembourg St., BF Homes International, Las Pinas City

Tel. No. 8256374 / 252358 Loc. 117/146

Powered by Koha